000 00736nam a2200229 u 4500
005 20240228064242.0
008 160524s2006 r 000 0 eng d
020 _a970240939X
035 _aUPN01000210543
049 _aI
050 4 _aPQ7297 Z4.6
_bP3.4
100 1 _aZepeda, Eraclio,
_d1937-
_937360
245 1 3 _aEl pájaro feo :
_buna leyenda maya /
_cEraclio Zepeda ; il. María Antonieta Castro Romero.
260 _aMéxico :
_bPatria,
_c2006.
300 _a31 p. :
_bil. col.
440 0 _aPiñata.
_pCuentos, leyendas y tradiciones
650 4 _aLEYENDAS -
_vLITERATURA INFANTIL
_919858
650 4 _aLEYENDAS MEXICANAS
_911067
650 4 _aLibros y lectura para niños
_92290
905 _aInfantil
999 _c182644
_d182644